Pass Cambridge BEC preliminary. Self-study practice tests [CD]

Hlavní autor: Williams, Anne
Další autoři: Pile, Louise
Jazyk: Angličtina
Vydáno: Oxford : Summertown Publishing, 2002
Témata:
Fyzický popis: 1 kompaktní disk + kniha XB
Knihy
Uloženo v:
LEADER 00787nnm a2200229za 4500
001 000999930
003 CZ BrMZK
005 20070125125814.0
007 sd fsngnnmmned
008 070125s2002 enk|||||||||||||| engod
020 |a 1902741404 
040 |a BOA001  |b cze 
100 1 |a Williams, Anne  |7 xx0060148 
245 1 0 |a Pass Cambridge BEC preliminary. Self-study practice tests [CD]  |h [zvukový záznam] /  |c Anne Williams, Louise Pile 
260 |a Oxford :  |b Summertown Publishing,  |c 2002 
300 |a 1 kompaktní disk +  |e kniha XB 
653 0 |a BEC preliminary 
700 1 |a Pile, Louise  |7 pna2006370676 
910 |a BOA001  |x CD-A 214 
990 |a AM 
991 |z 000048514  |x 99 
996 7 |b 261E006357  |c CD-A 214  |l Anglická knihovna/2.patro  |r ZHR  |n 12  |h CD-A 214  |w 000999930  |u 000010  |a 0  |e BOA001  |j MZK50  |s A